| 000 | 01521cam a2200373 a 4500 | ||
|---|---|---|---|
| 001 | 16021983 | ||
| 003 | OSt | ||
| 005 | 20180117085939.0 | ||
| 008 | 091214s2010 nyua b 001 0 eng | ||
| 010 | _a 2009051943 | ||
| 020 | _a9781606235973 (hardcover : alk. paper) | ||
| 020 | _a1606235974 (hardcover : alk. paper) | ||
| 035 | _a(OCoLC)ocn430839812 | ||
| 040 |
_aDLC _cDLC _dBTCTA _dYDXCP _dC#P _dBWX _dCDX _dDLC |
||
| 050 | 0 | 0 |
_aBF723.G75 _bH34 2010 |
| 082 | 0 | 0 |
_a155.9/37083 _222 |
| 245 | 0 | 0 |
_aHelping bereaved children : _ba handbook for practitioners / _cedited by Nancy Boyd Webb ; foreword by Kenneth J. Doka. |
| 250 | _a3rd ed. | ||
| 260 |
_aNew York : _bGuilford Press, _cc2010. |
||
| 300 |
_axxiv, 408 p. : _bill. ; _c24 cm. |
||
| 490 | 1 | _aSocial work practice with children and families | |
| 504 | _aIncludes bibliographical references and index. | ||
| 650 | 0 | _aBereavement in children. | |
| 650 | 0 | _aGrief in children. | |
| 650 | 0 | _aChildren and death. | |
| 650 | 0 |
_aChildren _xCounseling of. |
|
| 650 | 0 |
_aChildren _xCounseling of _vCase studies. |
|
| 700 | 1 |
_aWebb, Nancy Boyd, _d1932- |
|
| 830 | 0 | _aSocial work practice with children and families. | |
| 906 |
_a7 _bcbc _corignew _d1 _eecip _f20 _gy-gencatlg |
||
| 942 |
_2ddc _cBK |
||
| 999 |
_c2375 _d2375 |
||